000 00682nam a2200229 a 4500
001 BRCA_7365
005 20190320205817.0
008 070313s1949----mx-d######---#000-0#spa-#
041 _aspa
044 _amx
050 4 _aHC140
_b.B73 1949
100 1 _aBravo J., Manuel
_918203
245 1 0 _aPlaneación industrial en México
_bnotas sobre ensayos y experiencias
_cManuel Bravo J.
260 _aMéxico
_bBanco de México ; Investigaciones Industriales
_c1949
300 _a87 p.
_bil., 6 graficas
500 _aQ55
650 1 4 _aIndustria
_918204
651 4 _aMéxico
_xIndustrias
_918205
651 4 _aMéxico
_xPolítica económica
_910395
902 _aGFM
942 _2lcc
_cB
999 _c7041
_d7041